| 000 | 01105nam a2200325Ia 4500 | ||
|---|---|---|---|
| 003 | OSt | ||
| 005 | 20221007121154.0 | ||
| 006 | a|||||r|||| 00| 0 | ||
| 007 | ta | ||
| 008 | 221006b |||||||| |||| 00| 0 eng d | ||
| 020 | _a9780878932993 (pbk) | ||
| 024 | _a161850 | ||
| 037 |
_b516, 04/11/2011, Dhanraj Book House _cTextual |
||
| 040 |
_aBDL _cBDL _beng |
||
| 041 |
_2eng _aeng |
||
| 082 | _aG:5, P9 CARB | ||
| 100 |
_aGilbert Scott, F _9391902 |
||
| 245 | 0 |
_aEcological development biology: Integrating epigenetics medicine and evolution _b Epel David |
|
| 260 |
_aUSA _bSinauer _c2009 |
||
| 300 |
_a480p. _ccm. |
||
| 500 | _aInclude bibliographical references; Appendix A-421, D-459p; Index 462-480p | ||
| 650 |
_a Development biology _9710921 |
||
| 650 |
_a Epegensis _9710922 |
||
| 650 |
_a Evolution biology _9427884 |
||
| 650 |
_a Phenotypic plasticity _9710923 |
||
| 650 | _aBotany | ||
| 700 |
_a Epel David _9463697 |
||
| 942 |
_hG:5, P9 CARB _cTEXL _2CC |
||
| 999 |
_c1208523 _d1208523 |
||